000 00850nam a2200253Ia 4500
003 OSt
005 20220923211229.0
006 a|||||r|||| 00| 0
007 ta
008 Pun
020 _a978817116465X (hbk)
_c350
024 _a240,220
037 _b177, 24/10/2009, H.K. Prakashan
_cTextual
040 _aARTS
_cARTS
_bPun
041 _2Pun
_aPun
082 _aO153,1:g, P7
100 _aਰਵਿੰਦਰ ਰਵੀ, ਥਦ.
245 0 _aਪ੍ਰਯੋਗFੀਲ ਕਾਵਿ ਦਰਪਨ
_b ਅਨੁਭਵ ਤੇ ਆਲੋਚਨਾ
260 _aਦਿੱਲੀ
_b ਨੈFਨਲ ਬੁਕ Fਾਪ
_c2007
300 _a344ਪੰ
_ccm.
650 _aਪੰਜਾਬੀ ਸਾਹਿਤ
942 _hO153,1:g, P7
_cTEXL
_2CC
999 _c297312
_d297312